000 00775nam a2200229Ia 4500
003 GCL
008 140319s9999 xx 000 0 ara d
040 _aGCL /
_cGCL
082 0 4 _a811.3
_bا ح
100 1 _aابى عثمان عمر
245 1 0 _aالحنين الى الاوطان /
_cابى عثمان عمر
700 1 _aبن بحر الجاحظ
700 1 _aطاهر الجزائرى
300 _a48 ص
490 _aالهيئة العامة للاستعلامات
_v0
650 0 4 _aالشعر العربى
650 0 4 _aالادب العربى
650 0 4 _aالشعر العربى - تاريخ ونقد
650 0 4 _aالشعر العربى - دواوين وقصائد
650 0 4 _aالشعر العربى - العصر الاموى
942 _2ddc
_cBK
999 _c51573
_d51573